Best Countries at Chess - Statistics

General Stats
  • This quiz has been taken 517 times
    171 since last reset
  • The average score is 13 of 20
Answer Stats
Average Rating Country % Correct
2715 United States
98%
2739 Russia
97%
2705 China
94%
2668 India
92%
2620 United Kingdom
91%
2638 France
90%
2630 Germany
85%
2617 Spain
81%
2584 Norway
75%
2663 Ukraine
73%
2637 Poland
72%
2622 Netherlands
54%
2652 Armenia
52%
2652 Azerbaijan
50%
2644 Hungary
48%
2567 Serbia
42%
2605 Czech Republic
41%
2584 Georgia
35%
2577 Croatia
32%
2615 Israel
32%
No matching quizzes found
Score Distribution
Percent of People with Each Score
Percentile by Number Answered
Your Score History
You have not taken this quiz since the last reset